Länder mit der höchsten Roggenproduktion - Statistiken

Allgemein
  • Dieses Quiz wurde 51 mal gespielt
  • Das Durchschnittsergebnis liegt bei 8 aus 10
Antwortstatistiken
Roggenproduktion in t Land % Korrekt
3.500.000 Deutschland
100%
2.300.000 Russland
98%
460.000 Ukraine
98%
2.900.000 Polen
89%
520.000 China
87%
490.000 Kanada
79%
400.000 Spanien
79%
1.000.000 Belarus
68%
296.000 Türkei
47%
700.000 Dänemark
30%
Keine übereinstimmenden Quizze gefunden
Verteilung der Resultate
Anzahl Personen mit jedem Resultat
Perzentil nach korrekt beantworteten Fragen
Ihre Resultats-Entwicklung
Sie haben dieses Quiz noch nicht gespielt